00389nam a22001457a 450000500170000000800410001702200140005804100120007208200130008410000120009724500330010926000460014230000300018865000250021820240904125109.0240904b |||||||| |||| 00| 0 eng d a0258249 X aEnglish a349 IND  lEnglish aIndustrial Law Journal 2024  aCape Town:bJuta and Company Ltd, c2024  bvii, 948 pages; c25 cm.  aLegal practice bLaw